| 000 | 00917nam a2200241 a 4500 | ||
|---|---|---|---|
| 001 | 83354 | ||
| 003 | BD-RjUL | ||
| 005 | 20240314103134.0 | ||
| 008 | 240314s2006 bg a|||| m||| 00| 0 eng d | ||
| 035 | _a(BD-RjUL)83354 | ||
| 040 |
_aBD-RjUL _beng _cBD-RjUL _dBD-RjUL |
||
| 041 | _aeng | ||
| 082 |
_223 _a363.7394 _bRAA 2006 |
||
| 100 |
_aRasul, Md. Tarekh _912318 |
||
| 245 | 1 | 0 |
_aArsenic Situation in Rajshahi City Area and its Mitigation / _cBy Md. Tarekh Rasul ; _6Supervisor : M. Sarwar Jahan |
| 260 |
_aRajshahi : _bInstitute of Environmental Science, University of Rajshahi, _c2006 |
||
| 300 |
_axii, ; 200 Leaves : _bill, ; _c29 cm. |
||
| 502 | _aThesis (Ph. D.) -- Institute of Environmental Science, University of Rajshahi, 2006 | ||
| 504 | _aReferences : Leaves [126]-152 | ||
| 650 |
_aSocial Problems _vArsenic _xWater Pollution _912319 |
||
| 700 |
_aJahan, M. Sarwar, Supervisor _94971 |
||
| 942 |
_2ddc _cTHE |
||
| 999 |
_c83354 _d83354 |
||